000 01017pam a2200349 a 4500
999 _c1682
_d1682
001 012880147
003 Uk
005 20230119075307.0
008 040420s2004 enk j 000 1 eng
015 _aGBA4X0874
_2bnb
016 7 _a012880147
_2Uk
020 _a9780746060186 (pbk.) :
020 _a9780746060186
040 _aStDuBDS
_dUk
_c.
_eKH8
042 _aukblsr
082 0 4 _a823.914 KIM
_222
100 1 _aKimpton, Diana.
_eauthor
245 1 0 _aPrincess Ellie's Secret /
_cDiana Kimpton ; illustrator, Lizzie Finlay.
260 _aLondon :
_bUsborne,
_c2004.
300 _a84 p. :
_bill. ;
_c20cm.
336 _atext
_2rdacontent
337 _aunmediated
_2rdamedia
338 _avolume
_2rdacarrier
490 1 _aThe pony-mad princess
500 _aFormerly CIP.
_5Uk
650 0 _aPrincesses
_vJuvenile fiction.
650 0 _aPonies
_vJuvenile fiction.
655 7 _aChildren's stories.
_2lcsh
700 1 _aFinlay, Lizzie.
_eillustrator
830 4 _aThe pony-mad princess
942 _2ddc
_cNFIC